LDR 00748naa#a2200157#i#450# 001 RU\\bibl\19752 005 20260602223014.2 100 ## _a20260601b2026####ek#y0rusy0150####ca 102 ## _aRU 200 1# _aКРАСНОКНИЖНЫЕ ВИДЫ ПТИЦ НА ТЕРРИТОРИИ ГОРОДА ВОРОНЕЖА _eСтатья/тезисы конференции 210 1# _aВоронеж _cВоронежский государственный лесотехнический университет имени Г.Ф. Морозова _d2026 215 ## _a6 с. 608 ## _aСтатья/тезисы конференции _2local 675 ## _aAves. Птицы в целом. Орнитология. 598.2 _z 700 #1 _aКазарцева _gС. Н. 856 4# _abibl.vgltu.ru _u